Sieben Jahre Zuchthaus... - Ein interessantes Erschließungsprojekt

Titel: Sieben Jahre Zuchthaus... - Ein interessantes Erschließungsprojekt : [Zuchthaus Waldheim]
Verfasser:
In: Sächsisches Archivblatt, Heft 2 (2015), Seite 6-7
alle Artikel anzeigen
Veröffentlicht: 2015
Format: Aufsatz
Kein Bild verfügbar
X
alg: 44206821
001A    $03036:30-01-19 
001B    $01999:30-01-19 $t23:09:33.000 
001D    $03036:30-01-19 
001U    $0utf8 
001X    $00 
002@    $0Aox    
003@    $0442068212 
007A    $0442068212 $aHEB 
007T    $0ArchMa25391 
011@    $a2015 
021A    $aSieben Jahre Zuchthaus... - Ein interessantes Erschließungsprojekt $d[Zuchthaus Waldheim] 
028A    $aEtzold $dDoreen 
031A    $e2 $h6-7 $j2015 
039B    $aIn $8--Abvc--. Sächsisches Archivblatt. - Dresden : Sächsisches Staatsarchiv, 1992-2021 $x201500000000002994 $9048627194 
045T    $a8,1 

lok: 44206821 105

exp: 44206821 105 1 #EPN
201B/01 $030-01-19 $t16:16:20.000 
201C/01 $030-01-19 
201U/01 $0utf8 
203@/01 $01042458359 
208@/01 $a13-12-18 $be 
209A/01 $a/ $f106 $x00 
245Z/01 $a3.15.02. $bArchivwesen des Bundes- und der deutschen Bundesländer / Sachsen / Archive und Archivbestände $x01 
247C/01 $8->Marburg, Bibliographie zum Archivwesen der Archivschule Marburg $939588196X
LEADER 00000caa a22000002c 4500
001 442068212
003 DE-603
005 20190130230933.0
007 tu
008 190130s2015 xx |||| | u00||u|und c
035 |a (DE-599)HEB442068212 
040 |a DE-603  |b ger  |c DE-603  |d DE-603 
084 |a 8,1  |2 ssgn 
100 1 |a Etzold, Doreen 
245 0 0 |a Sieben Jahre Zuchthaus... - Ein interessantes Erschließungsprojekt  |b [Zuchthaus Waldheim] 
264 0 |c 2015 
773 0 8 |i In  |t Sächsisches Archivblatt  |d Dresden : Sächsisches Staatsarchiv, 1992-2021  |h 30 cm  |g Heft 2 (2015), Seite 6-7  |w (DE-603)048627194  |w (DE-600)1151016-X 
924 0 |9 -  |a (DE-603)1042458359  |b DE-  |c HES  |d d  |g /